Dataset Open Access

Data publication: Accelerated free energy estimation in ab initio path integral Monte Carlo simulations

Svensson, Pontus; Kalkavouras, Fotios; Hernandez Acosta, Uwe; Moldabekov, Zhandos; Tolias, Panagiotis; Vorberger, Jan; Dornheim, Tobias


MARC21 XML Export

<?xml version='1.0' encoding='UTF-8'?>
<record xmlns="http://www.loc.gov/MARC21/slim">
  <leader>00000nmm##2200000uu#4500</leader>
  <datafield tag="650" ind1="1" ind2="7">
    <subfield code="a">cc-by</subfield>
    <subfield code="2">opendefinition.org</subfield>
  </datafield>
  <datafield tag="773" ind1=" " ind2=" ">
    <subfield code="a">10.1021/acs.jpclett.5c02193</subfield>
    <subfield code="i">isReferencedBy</subfield>
    <subfield code="n">doi</subfield>
  </datafield>
  <datafield tag="773" ind1=" " ind2=" ">
    <subfield code="a">https://www.hzdr.de/publications/Publ-43236</subfield>
    <subfield code="i">isIdenticalTo</subfield>
    <subfield code="n">url</subfield>
  </datafield>
  <datafield tag="773" ind1=" " ind2=" ">
    <subfield code="a">https://www.hzdr.de/publications/Publ-41635</subfield>
    <subfield code="i">isReferencedBy</subfield>
    <subfield code="n">url</subfield>
  </datafield>
  <datafield tag="773" ind1=" " ind2=" ">
    <subfield code="a">10.14278/rodare.4597</subfield>
    <subfield code="i">isVersionOf</subfield>
    <subfield code="n">doi</subfield>
  </datafield>
  <controlfield tag="001">4598</controlfield>
  <datafield tag="980" ind1=" " ind2=" ">
    <subfield code="a">user-rodare</subfield>
  </datafield>
  <datafield tag="100" ind1=" " ind2=" ">
    <subfield code="a">Svensson, Pontus</subfield>
    <subfield code="u">HZDR</subfield>
    <subfield code="0">(orcid)0000-0002-7013-208X</subfield>
  </datafield>
  <datafield tag="700" ind1=" " ind2=" ">
    <subfield code="a">Kalkavouras, Fotios</subfield>
    <subfield code="u">KTH Stockholm</subfield>
  </datafield>
  <datafield tag="700" ind1=" " ind2=" ">
    <subfield code="a">Hernandez Acosta, Uwe</subfield>
    <subfield code="u">HZDR</subfield>
    <subfield code="0">(orcid)0000-0002-6182-1481</subfield>
  </datafield>
  <datafield tag="700" ind1=" " ind2=" ">
    <subfield code="a">Moldabekov, Zhandos</subfield>
    <subfield code="u">HZDR</subfield>
    <subfield code="0">(orcid)0000-0002-9725-9208</subfield>
  </datafield>
  <datafield tag="700" ind1=" " ind2=" ">
    <subfield code="a">Tolias, Panagiotis</subfield>
    <subfield code="u">KTH Stockholm</subfield>
    <subfield code="0">(orcid)0000-0001-9632-8104</subfield>
  </datafield>
  <datafield tag="700" ind1=" " ind2=" ">
    <subfield code="a">Vorberger, Jan</subfield>
    <subfield code="u">HZDR</subfield>
    <subfield code="0">(orcid)0000-0001-5926-9192</subfield>
  </datafield>
  <datafield tag="700" ind1=" " ind2=" ">
    <subfield code="a">Dornheim, Tobias</subfield>
    <subfield code="u">HZDR</subfield>
    <subfield code="0">(orcid)0000-0001-7293-6615</subfield>
  </datafield>
  <controlfield tag="005">20260410095043.0</controlfield>
  <datafield tag="245" ind1=" " ind2=" ">
    <subfield code="a">Data publication: Accelerated free energy estimation in ab initio path integral Monte Carlo simulations</subfield>
  </datafield>
  <datafield tag="520" ind1=" " ind2=" ">
    <subfield code="a">&lt;p&gt;This repository contains the PIMC data for the publication &amp;quot;Accelerated free energy estimation in ab initio path integral Monte Carlo simulations&amp;quot;.&lt;/p&gt;</subfield>
  </datafield>
  <datafield tag="909" ind1="C" ind2="O">
    <subfield code="o">oai:rodare.hzdr.de:4598</subfield>
    <subfield code="p">openaire_data</subfield>
    <subfield code="p">user-rodare</subfield>
  </datafield>
  <datafield tag="653" ind1=" " ind2=" ">
    <subfield code="a">Free energy</subfield>
  </datafield>
  <datafield tag="653" ind1=" " ind2=" ">
    <subfield code="a">PIMC</subfield>
  </datafield>
  <datafield tag="653" ind1=" " ind2=" ">
    <subfield code="a">Warm dense matter</subfield>
  </datafield>
  <datafield tag="653" ind1=" " ind2=" ">
    <subfield code="a">Uniform electron gas</subfield>
  </datafield>
  <datafield tag="856" ind1="4" ind2=" ">
    <subfield code="s">6555</subfield>
    <subfield code="u">https://rodare.hzdr.de/record/4598/files/Fig2.txt</subfield>
    <subfield code="z">md5:794e55c1789a4f3ee0ccb7f985f7ae0d</subfield>
  </datafield>
  <datafield tag="856" ind1="4" ind2=" ">
    <subfield code="s">4433</subfield>
    <subfield code="u">https://rodare.hzdr.de/record/4598/files/Fig3.txt</subfield>
    <subfield code="z">md5:08f6acfa93a9f4651aba98bd52b10a54</subfield>
  </datafield>
  <datafield tag="856" ind1="4" ind2=" ">
    <subfield code="s">5388</subfield>
    <subfield code="u">https://rodare.hzdr.de/record/4598/files/Fig4.txt</subfield>
    <subfield code="z">md5:09e97887542862ad26b046a1f24fc3d0</subfield>
  </datafield>
  <datafield tag="856" ind1="4" ind2=" ">
    <subfield code="s">2397</subfield>
    <subfield code="u">https://rodare.hzdr.de/record/4598/files/FigS1.txt</subfield>
    <subfield code="z">md5:ca7ad9b527f800b968d848aaca395ea2</subfield>
  </datafield>
  <datafield tag="856" ind1="4" ind2=" ">
    <subfield code="s">20634</subfield>
    <subfield code="u">https://rodare.hzdr.de/record/4598/files/FigS2.txt</subfield>
    <subfield code="z">md5:dfebdd55571ce54b453766314250b2fd</subfield>
  </datafield>
  <datafield tag="856" ind1="4" ind2=" ">
    <subfield code="s">12615</subfield>
    <subfield code="u">https://rodare.hzdr.de/record/4598/files/FigS3.txt</subfield>
    <subfield code="z">md5:6812aae1f1c8d81a35f838c521139f8a</subfield>
  </datafield>
  <datafield tag="856" ind1="4" ind2=" ">
    <subfield code="s">15796</subfield>
    <subfield code="u">https://rodare.hzdr.de/record/4598/files/FigS4.txt</subfield>
    <subfield code="z">md5:ff2db47c070cb7885fb8084101067ad3</subfield>
  </datafield>
  <datafield tag="856" ind1="4" ind2=" ">
    <subfield code="s">391</subfield>
    <subfield code="u">https://rodare.hzdr.de/record/4598/files/README</subfield>
    <subfield code="z">md5:778c24c0d714e368c45d98cd5d5f260d</subfield>
  </datafield>
  <datafield tag="540" ind1=" " ind2=" ">
    <subfield code="u">https://creativecommons.org/licenses/by/4.0/legalcode</subfield>
    <subfield code="a">Creative Commons Attribution 4.0 International</subfield>
  </datafield>
  <datafield tag="024" ind1=" " ind2=" ">
    <subfield code="a">10.14278/rodare.4598</subfield>
    <subfield code="2">doi</subfield>
  </datafield>
  <datafield tag="980" ind1=" " ind2=" ">
    <subfield code="a">dataset</subfield>
  </datafield>
  <datafield tag="041" ind1=" " ind2=" ">
    <subfield code="a">eng</subfield>
  </datafield>
  <datafield tag="260" ind1=" " ind2=" ">
    <subfield code="c">2026-04-09</subfield>
  </datafield>
  <datafield tag="542" ind1=" " ind2=" ">
    <subfield code="l">open</subfield>
  </datafield>
</record>
42
36
views
downloads
All versions This version
Views 4242
Downloads 3636
Data volume 290.6 kB290.6 kB
Unique views 3636
Unique downloads 3434

Share

Cite as